000
00308nam a2200133Ia 4500
100
_a
Millman/J/ Halkias/C.C
942
_c
BK
654
_a
electronic
245
_a
Electronic devices and circuits
260
_b
Mc Graw Hill
_a
Auckland
_c
1986
082
_a
621.381
_b
MILL
300
_a
752
546
_a
ENGLISH
999
_c
22848
_d
22848